| 000 | 00533nam a2200193 4500 | ||
|---|---|---|---|
| 003 | SEACOMEC | ||
| 005 | 20240417120545.0 | ||
| 008 | 231007b |||||||| |||| 00| 0 eng d | ||
| 020 | _cRs. 350.00 | ||
| 040 | _aSEACOMEC | ||
| 082 |
_a621.37 _bC311 |
||
| 100 | 1 | _aCarr, Joseph J. | |
| 245 | 1 |
_aElements of electronic instrumentation and measurement _cJoseph J. Carr |
|
| 250 | _a3rd ed. | ||
| 260 |
_aDelhi _bPearson _c2006 |
||
| 650 | _aApplied physics | ||
| 650 | _aTesting and measurement of electrical quantities | ||
| 942 | _cBOOK | ||
| 999 |
_c177 _d177 |
||